|
|
|
|
| LEADER |
00000cam a2200000 a 4500 |
| 001 |
vtls001388125 |
| 003 |
SK-MaSNL |
| 005 |
20260301115725.0 |
| 008 |
240606s1994 xo ha grab 00001 slo |
| 015 |
|
|
|a SNBA2000/12-04444
|
| 020 |
|
|
|a 8090046681
|
| 035 |
|
|
|a SNK000342344
|
| 035 |
|
|
|a urn:nbn:sk:snk-amlrer
|
| 035 |
|
|
|a urn:nbn:sk:snk-am00c9fm
|
| 035 |
|
|
|a 95A66236-FFC4-4DFD-B439-5A291E81D825
|
| 040 |
|
|
|a SNK
|b slo
|c SNK
|e AACR2
|
| 041 |
0 |
|
|a slo
|
| 044 |
|
|
|a xo
|c SK
|
| 080 |
|
|
|a 82:929:885.4
|2 1981
|
| 080 |
|
|
|a 885.4:929
|2 1981
|
| 080 |
|
|
|a 929 Nagy Šarovsky, Alexander
|2 1981
|
| 080 |
|
|
|a 07
|2 1981
|
| 245 |
0 |
|
|a Skutočná pravda o Alexandrovi Nagyovi Šarovskom
|
| 260 |
|
|
|a Bratislava
|b Koncipkor
|c 1994
|
| 300 |
|
|
|a 37 s.
|b faksim., ilustr.
|c 30 cm
|
| 500 |
|
|
|a Obalový názov
|
| 600 |
1 |
7 |
|a Nagy-Šárovský, Alexander,
|d 1946-
|2 SNKMA
|9 245734
|
| 655 |
|
7 |
|a biografie
|2 SNKPH
|9 27965
|
| 655 |
|
7 |
|a anotácie
|2 SNKPH
|9 51989
|
| 655 |
|
7 |
|a články
|2 SNKPH
|9 70601
|
| 852 |
|
|
|a Slovenská národná knižnica
|
| 919 |
|
|
|a 80-900466-8-1
|
| 954 |
|
|
|a beletria pôvodná (slovenská)
|2 lita
|
| 958 |
|
|
|a TL
|
| 958 |
|
|
|a LX
|
| 999 |
|
|
|c 723321
|d 725251
|
| 952 |
|
|
|t P60, <09>, [BOOK], {629}
|a SNK
|b SNK
|y NEVYP
|7 0
|o snkB 173
|i snk610/20000511
|0 0
|1 0
|4 0
|d 2000-05-10
|l 0
|r 2005-01-02 00:00:00
|w 2026-02-23
|
| 952 |
|
|
|t P60, <03>, [BOOK], {603}
|a SNK
|b SNK
|y PREZ
|7 0
|p 17A0237442
|o snkSB 61723/1
|i snkKSP 4781/2000
|0 0
|1 0
|4 0
|d 2000-05-10
|f 1
|l 0
|r 2025-04-10 00:00:00
|w 2026-02-23
|
| 952 |
|
|
|t P60, <04>, [BOOK], {604}
|a SNK
|b SNK
|y VYP
|7 0
|p 17A0237443
|o snkSB 61723/1 D1
|i snkKSP 4782/2000
|0 0
|1 0
|4 0
|d 2000-05-10
|l 0
|r 2005-01-02 00:00:00
|w 2026-02-23
|